000 01013cam a2200229 4500
001 8381
005 20181127185756.0
008 760623s1977 nyua b 001 0 eng
010 _a 76022754
020 _a047113726X
082 0 0 _a615/.43
100 1 _aCarstensen, Jens Thuro,
_d1926-
245 1 0 _aPharmaceutics of solids and solid dosage forms /
_cJens T. Carstensen.
260 _aNew York :
_bWiley,
_cc1977.
300 _axiii, 256 p. :
_bill. ;
_c24 cm.
500 _a""A Wiley-Interscience publication.""
504 _aIncludes bibliographical references and index.
505 _aCONTENT:Fundamental Solids Concepts -- Micrometeorites -- Dissolution of solids -- Biopharmaceutics of solids -- Powders -- The solid dosage Forms -- Stability and dating of solid dosage forms -- Stability and dating of solid Dosage Forms -- Selected Laboratory Experiments.
_g
_r
_t
650 0 _aChemistry, Physical and theoretical.
650 0 _aPharmaceutical chemistry.
999 _c7242
_d7242